[Event "DVM U14w 2016"]
[Site "Düsseldorf GER"]
[Date "2016.12.27"]
[Round "1"]
[White "Zehr, Selina"]
[Black "Zhou, Lepu Coco"]
[Result "0-1"]
[Termination "normal"]
[Board "2.4"]
[WhiteElo "981"]
[BlackElo "1645"]
[WhiteClock "01:15:00"]
[BlackClock "01:26:05"]
[WhiteTeam "Meuselwitzer SV"]
[BlackTeam "Schachpinguine Berlin"]
[PlyCount "50"]
[WhiteFideId "16235282"]
[BlackFideId "16217136"]
[EventCountry "GER"]
[EventRounds "7"]
[EventType "team-swiss"]
[EventDate "2016.12.26"]

1. e4 {[%clk 1:30:55]} e5 {[%clk 1:30:54]} 2. Nf3 {[%clk 1:31:20]} Nc6 {[%clk
1:31:20]} 3. d4 {[%clk 1:31:37]} exd4 {[%clk 1:31:40]} 4. Nxd4 {[%clk 1:32:00]}
Nf6 {[%clk 1:32:03]} 5. Nc3 {[%clk 1:32:15]} Bb4 {[%clk 1:32:16]} 6. Nxc6
{[%clk 1:32:25]} bxc6 {[%clk 1:32:36]} 7. Bd3 {[%clk 1:32:11]} d5 {[%clk
1:32:39]} 8. e5 {[%clk 1:30:21]} d4 {[%clk 1:32:56]} 9. Bd2 {[%clk 1:27:53]}
dxc3 {[%clk 1:33:03]} 10. bxc3 {[%clk 1:27:42]} Bc5 {[%clk 1:29:13]} 11. Be3
{[%clk 1:24:46]} Bxe3 {[%clk 1:28:53]} 12. exf6 {[%clk 1:24:30]} Bh6 {[%clk
1:28:30]} 13. Be4 {[%clk 1:17:46]} Qxf6 {[%clk 1:27:43]} 14. Qe2 {[%clk
1:16:09]} Qxc3+ {[%clk 1:27:05]} 15. Qd2 {[%clk 1:15:54]} Bxd2+ {[%clk
1:27:18]} 16. Ke2 {[%clk 1:16:03]} Ba6+ {[%clk 1:27:16]} 17. Kd1 {[%clk
1:16:05]} Qxa1+ {[%clk 1:26:42]} 18. Kxd2 {[%clk 1:16:16]} Rd8+ {[%clk
1:26:35]} 19. Ke3 {[%clk 1:16:23]} Qd4+ {[%clk 1:26:20]} 20. Kf3 {[%clk
1:16:26]} Be2+ {[%clk 1:26:24]} 21. Kf4 {[%clk 1:15:32]} g5+ {[%clk 1:26:04]}
22. Kf5 {[%clk 1:15:23]} Bg4+ {[%clk 1:25:40]} 23. Kxg4 {[%clk 1:14:49]} Qxe4+
{[%clk 1:25:53]} 24. Kxg5 {[%clk 1:15:04]} Rd5+ {[%clk 1:26:05]} 25. Kh6 {[%clk
1:15:00]} Qg6# 0-1

[Event "DVM U14w 2016"]
[Site "Düsseldorf GER"]
[Date "2016.12.27"]
[Round "1"]
[White "Bykov, Ilona"]
[Black "Ehmann, Johanna"]
[Result "0-1"]
[Termination "normal"]
[Board "3.1"]
[WhiteElo "1399"]
[BlackElo "1686"]
[WhiteTeam "Karlsruher SF"]
[BlackTeam "SF Sasbach"]
[PlyCount "78"]
[WhiteFideId "12964433"]
[BlackFideId "12953130"]
[EventCountry "GER"]
[EventRounds "7"]
[EventType "team-swiss"]
[EventDate "2016.12.26"]

1. e4 e5 2. Nf3 Nc6 3. Bb5 a6 4. Ba4 Nf6 5. d3 b5 6. Bb3 d6 7. O-O Be7 8. Re1
Na5 9. c3 Nxb3 10. Qxb3 c5 11. Nbd2 O-O 12. Nf1 h6 13. Ne3 Re8 14. Qc2 Be6 15.
Bd2 Rc8 16. Nh4 Nxe4 17. Nhf5 Nxd2 18. Nxe7+ Qxe7 19. Qxd2 Qg5 20. Qe2 Qg6 21.
b3 d5 22. f3 d4 23. cxd4 cxd4 24. Nc2 Bf5 25. Red1 Rc3 26. Ne1 f6 27. g4 h5 28.
h3 hxg4 29. fxg4 Bd7 30. Rac1 b4 31. Rxc3 dxc3 32. Nc2 a5 33. a3 f5 34. axb4
axb4 35. Qf1 fxg4 36. hxg4 Qxg4+ 37. Kh1 Bc6+ 38. Kh2 Qh4+ 39. Qh3 Qf2+ 0-1

[Event "DVM U14w 2016"]
[Site "Düsseldorf GER"]
[Date "2016.12.27"]
[Round "1"]
[White "Höglauer, Jenny"]
[Black "Shevchenko, Alyona"]
[Result "1-0"]
[Termination "normal"]
[Board "3.2"]
[WhiteElo "1643"]
[BlackElo "1033"]
[WhiteTeam "SF Sasbach"]
[BlackTeam "Karlsruher SF"]
[PlyCount "127"]
[WhiteFideId "12982598"]
[BlackFideId "12983420"]
[EventCountry "GER"]
[EventRounds "7"]
[EventType "team-swiss"]
[EventDate "2016.12.26"]

1. e4 e5 2. Nf3 Nc6 3. Bb5 a6 4. Ba4 d6 5. c3 g6 6. O-O Bg7 7. d4 Bd7 8. Re1
Nf6 9. Bxc6 Bxc6 10. dxe5 dxe5 11. Qxd8+ Rxd8 12. Nxe5 Bb5 13. c4 Bd7 14. Nc3
O-O 15. h3 Rfe8 16. Nxd7 Rxd7 17. f3 Re6 18. Na4 b6 19. Be3 Ne8 20. Rad1 Red6
21. Rxd6 Rxd6 22. b3 b5 23. cxb5 axb5 24. Nc5 Bc3 25. Rc1 Bb4 26. Bf4 Bxc5+ 27.
Rxc5 Ra6 28. Rxb5 Rxa2 29. Rb8 Kf8 30. Bxc7 Ke7 31. Be5 Ra5 32. Bc3 Ra7 33. b4
Ra3 34. Bd4 Nf6 35. Rb7+ Ke6 36. Rb6+ Ke7 37. Bxf6+ Kd7 38. Be5 Rb3 39. b5 Kc8
40. Rb8+ Kd7 41. Kf2 Ke6 42. Bd4 Kd6 43. b6 Kc6 44. Rc8+ Kb7 45. Rc7+ Kb8 46.
Rxf7 h5 47. Be5+ Kc8 48. Rc7+ Kd8 49. b7 g5 50. Rc8+ Kd7 51. b8=Q Rxb8 52. Rxb8
Ke6 53. Re8+ Kf7 54. Rh8 Kg6 55. g4 hxg4 56. fxg4 Kf7 57. h4 gxh4 58. Rxh4 Ke6
59. Ba1 Kf7 60. Kf3 Kg6 61. Kf4 Kf7 62. Kf5 Kg8 63. Kf6 Kf8 64. Rh8# 1-0

[Event "DVM U14w 2016"]
[Site "Düsseldorf GER"]
[Date "2016.12.27"]
[Round "1"]
[White "Eichhorn, Elisabeth"]
[Black "Schneider, Katharina"]
[Result "1/2-1/2"]
[Termination "normal"]
[Board "3.3"]
[WhiteElo "1116"]
[BlackElo "1517"]
[WhiteTeam "Karlsruher SF"]
[BlackTeam "SF Sasbach"]
[PlyCount "66"]
[WhiteFideId "16235070"]
[BlackFideId "16200519"]
[EventCountry "GER"]
[EventRounds "7"]
[EventType "team-swiss"]
[EventDate "2016.12.26"]

1. d4 {[%emt 0:00:00]} d5 {[%eval 0,0] [%emt 0:00:00]} 2. Nf3 e6 3. Bf4 Nf6 4.
e3 c5 5. c3 Nc6 6. Nbd2 Bd6 7. Bg3 cxd4 8. cxd4 Qe7 9. Bb5 Bd7 10. Bxc6 Bxc6
11. Ne5 Rc8 12. Rc1 Bb4 13. O-O O-O 14. Bh4 Bb5 15. Rxc8 Rxc8 16. Re1 Bxd2 17.
Qxd2 Ne4 18. Bxe7 Nxd2 19. b3 f6 20. Bb4 Ne4 21. f3 fxe5 22. fxe4 exd4 23. exd4
Rc2 24. a4 Bc6 25. Rf1 h6 26. e5 Bd7 27. Rf8+ Kh7 28. Rf7 Bc8 29. Bf8 Kg8 30.
Rf3 Rc7 31. Bb4 Rf7 32. Bd2 Bd7 33. Rxf7 Kxf7 1/2-1/2

[Event "DVM U14w 2016"]
[Site "Düsseldorf GER"]
[Date "2016.12.27"]
[Round "1"]
[White "Schneider, Anna"]
[Black "Vu, Minh Anh"]
[Result "1-0"]
[Termination "normal"]
[Board "3.4"]
[WhiteElo "1381"]
[BlackElo "918"]
[WhiteTeam "SF Sasbach"]
[BlackTeam "Karlsruher SF"]
[PlyCount "65"]
[WhiteFideId "16200527"]
[BlackFideId "16235304"]
[EventCountry "GER"]
[EventRounds "7"]
[EventType "team-swiss"]
[EventDate "2016.12.26"]

1. e4 {[%emt 0:00:00]} e5 2. Nf3 Nc6 3. d4 exd4 4. Bc4 Nf6 5. e5 d5 6. Bb5 Ne4
7. Nxd4 Bc5 8. Be3 O-O 9. O-O Nxe5 10. Bf4 Ng4 11. f3 Qf6 12. fxe4 Bxd4+ 13.
Kh1 Nf2+ 14. Rxf2 Bxf2 15. Bxc7 dxe4 16. Nc3 e3 17. Qe2 b6 18. Rd1 Bb7 19. Qg4
g6 20. Nd5 Bxd5 21. Rxd5 h5 22. Qe2 Rac8 23. Be5 Qe6 24. c4 Rfd8 25. Ba6 Rxd5
26. Bxc8 Qxc8 27. Bc3 Rc5 28. b3 a6 29. Qd3 b5 30. Qd4 f6 31. Qxf6 Qf8 32.
Qxg6+ Qg7 33. Qxg7# 1-0

[Event "DVM U14w 2016"]
[Site "Düsseldorf GER"]
[Date "2016.12.27"]
[Round "1"]
[White "Weimert, Miriam"]
[Black "Bohrer, Katharina"]
[Result "1-0"]
[Termination "normal"]
[Board "4.1"]
[WhiteElo "1744"]
[BlackElo "1144"]
[WhiteTeam "SG Leipzig"]
[BlackTeam "SF Konz-Karthaus"]
[PlyCount "57"]
[WhiteFideId "12966703"]
[BlackFideId "16225457"]
[EventCountry "GER"]
[EventRounds "7"]
[EventType "team-swiss"]
[EventDate "2016.12.26"]

1. e4 d6 2. d4 Nf6 3. Nc3 g6 4. Be3 Bg7 5. Be2 O-O 6. f4 Nc6 7. Nf3 Ng4 8. Bd2
Nxd4 9. Nxd4 Bxd4 10. Bxg4 c5 11. Qf3 Bxg4 12. Qxg4 e6 13. O-O-O Rb8 14. Nb5
Qb6 15. Nxd4 cxd4 16. f5 Qc7 17. Kb1 Rbc8 18. Rc1 a5 19. h4 h5 20. Qg5 Qd8 21.
f6 Rc5 22. Qf4 Rb5 23. Rhf1 g5 24. hxg5 e5 25. Qh4 a4 26. Qxh5 Qb6 27. Rh1
Rxb2+ 28. Ka1 a3 29. Qh7# 1-0

[Event "DVM U14w 2016"]
[Site "Düsseldorf GER"]
[Date "2016.12.27"]
[Round "1"]
[White "Biermann, Sophie"]
[Black "Oswald, Hannah"]
[Result "1-0"]
[Termination "normal"]
[Board "4.2"]
[WhiteElo "1186"]
[BlackElo "1498"]
[WhiteTeam "SF Konz-Karthaus"]
[BlackTeam "SG Leipzig"]
[PlyCount "73"]
[WhiteFideId "16208960"]
[BlackFideId "16214960"]
[EventCountry "GER"]
[EventRounds "7"]
[EventType "team-swiss"]
[EventDate "2016.12.26"]

1. e4 {[%emt 0:00:00]} e5 2. Nf3 Nc6 3. Bb5 Nd4 4. Nxd4 exd4 5. d3 Bc5 6. Bf4
Ne7 7. Nd2 O-O 8. O-O c6 9. Bc4 b5 10. Bb3 d5 11. f3 Bd6 12. Bxd6 Qxd6 13. Qe2
Be6 14. Kh1 Ng6 15. Qf2 c5 16. c3 dxc3 17. bxc3 Nf4 18. d4 cxd4 19. cxd4 dxe4
20. fxe4 Bxb3 21. Nxb3 Ne6 22. Rac1 Rac8 23. Rxc8 Rxc8 24. Qxf7+ Kh8 25. e5 Qf8
26. Qxf8+ Nxf8 27. d5 Kg8 28. e6 Re8 29. Nc5 a5 30. Re1 b4 31. d6 g6 32. d7
Nxd7 33. Nxd7 Kg7 34. Nc5 Kf6 35. Rf1+ Ke5 36. Rf7 Rd8 37. h3 1-0

[Event "DVM U14w 2016"]
[Site "Düsseldorf GER"]
[Date "2016.12.27"]
[Round "1"]
[White "Fege, Astrid"]
[Black "Schilz, Tabea"]
[Result "0-1"]
[Termination "normal"]
[Board "4.3"]
[WhiteElo "1330"]
[BlackElo "1088"]
[WhiteTeam "SG Leipzig"]
[BlackTeam "SF Konz-Karthaus"]
[PlyCount "166"]
[WhiteFideId "16217152"]
[BlackFideId "16235312"]
[EventCountry "GER"]
[EventRounds "7"]
[EventType "team-swiss"]
[EventDate "2016.12.26"]

1. e4 e5 2. Nf3 Nc6 3. Bc4 Nf6 4. d3 Bc5 5. c3 Be7 6. Bb3 d6 7. O-O Bg4 8. Nbd2
O-O 9. h3 Bh5 10. Re1 h6 11. Nf1 Bg6 12. Ng3 Nd7 13. Nf5 Bxf5 14. exf5 Nb6 15.
Nh2 Re8 16. Qh5 d5 17. c4 Nd4 18. Rxe5 Nxb3 19. axb3 dxc4 20. dxc4 Bf6 21.
Rxe8+ Qxe8 22. Qf3 Qe1+ 23. Nf1 c6 24. Qf4 Bg5 25. Qc7 Bxc1 26. Qxb7 Rd8 27. c5
Rd1 28. Qa6 Rd2 29. Kh1 Rxf2 30. Kg1 Rxb2 31. Kh1 Qf2 32. Ne3 Qxe3 33. Qf1 Qf2
34. Rxc1 Qxf1+ 35. Rxf1 Nd7 36. Re1 Kf8 37. Ra1 Nxc5 38. Rxa7 Rxb3 39. Rc7 Rb6
40. Kh2 Na6 41. Rc8+ Ke7 42. Kg3 Kd6 43. Rf8 Ke7 44. Rc8 Kf6 45. Kf4 Rb4+ 46.
Ke3 Rb6 47. g4 Kg5 48. Kf3 Rb3+ 49. Kg2 c5 50. Rc6 Ra3 51. Rc8 Kh4 52. Rf8 c4
53. Kf2 c3 54. Rc8 Nb4 55. Ke2 Ra2+ 56. Kd1 c2+ 57. Kd2 Ra1 58. Rxc2 Nxc2 59.
Kxc2 Kxh3 60. Kd3 Kxg4 61. Ke4 Re1+ 62. Kd4 Kf4 63. Kd5 Kxf5 64. Kd4 Re8 65.
Kd5 Rd8+ 66. Kc6 Ke5 67. Kc7 Rd1 68. Kc6 Rd2 69. Kc7 Ke6 70. Kc6 Rc2+ 71. Kb5
Kd6 72. Kb4 Kd5 73. Kb3 Rc8 74. Kb4 Rc7 75. Kb3 Kd4 76. Kb2 Kd3 77. Kb3 Rb7+
78. Ka4 Kc4 79. Ka5 Kc5 80. Ka6 Rb1 81. Ka7 Kc6 82. Ka8 Kc7 83. Ka7 Ra1# 0-1

[Event "DVM U14w 2016"]
[Site "Düsseldorf GER"]
[Date "2016.12.27"]
[Round "1"]
[White "Schilz, Luna"]
[Black "Heck, Jasmin"]
[Result "1-0"]
[Termination "normal"]
[Board "4.4"]
[WhiteElo "1110"]
[BlackElo "1102"]
[WhiteTeam "SF Konz-Karthaus"]
[BlackTeam "SG Leipzig"]
[PlyCount "89"]
[WhiteFideId "16235320"]
[BlackFideId "16217160"]
[EventCountry "GER"]
[EventRounds "7"]
[EventType "team-swiss"]
[EventDate "2016.12.26"]

1. e4 d6 2. d4 Nf6 3. Nc3 g6 4. Nf3 Bg7 5. Bd3 O-O 6. O-O Nbd7 7. Bg5 b6 8. Re1
Bb7 9. Qd2 Re8 10. Rad1 c5 11. d5 Qc7 12. Nb5 Qc8 13. c3 a6 14. Na3 e5 15. b4
Nh5 16. Bh6 Bh8 17. Nc4 Qc7 18. bxc5 Nxc5 19. Be2 Bg7 20. Rb1 b5 21. Nb2 Rf8
22. Bd1 f5 23. exf5 Rxf5 24. Nh4 Rf7 25. Bxh5 gxh5 26. Bxg7 Rxg7 27. Nf5 Rg6
28. Nh6+ Kh8 29. Nf5 Rag8 30. g3 Qf7 31. Nxd6 Rxd6 32. Qe3 Qxd5 33. f3 Rf6 34.
Rf1 Rgf8 35. Rbd1 Qc6 36. Qxe5 Nd7 37. Qd4 Kg8 38. Qxd7 Qb6+ 39. Kg2 Bxf3+ 40.
Rxf3 Rxf3 41. Rd5 Qf2+ 42. Kh3 Qf1+ 43. Kh4 Qg2 44. Rg5+ Kh8 45. Qg7# 1-0

[Event "DVM U14w 2016"]
[Site "Düsseldorf GER"]
[Date "2016.12.27"]
[Round "1"]
[White "Otterpohl, Isabel"]
[Black "Rudolph, Eva"]
[Result "0-1"]
[Termination "normal"]
[Board "5.1"]
[WhiteElo "1705"]
[BlackElo "1655"]
[WhiteTeam "SV Hemer"]
[BlackTeam "Düsseldorfer SK"]
[PlyCount "158"]
[WhiteFideId "12999180"]
[BlackFideId "16200594"]
[EventCountry "GER"]
[EventRounds "7"]
[EventType "team-swiss"]
[EventDate "2016.12.26"]

1. e4 e5 2. d4 exd4 3. Nf3 d6 4. Nxd4 Nf6 5. Nc3 Be7 6. g3 Bg4 7. f3 Bd7 8. Bg2
O-O 9. O-O Re8 10. g4 Nc6 11. Nde2 Be6 12. Nf4 Bc4 13. Re1 Bf8 14. b3 Ba6 15.
Kh1 h6 16. h4 Nh7 17. h5 Qd7 18. Nfd5 Rad8 19. Bh3 b6 20. Kh2 Bc8 21. Rh1 Ne7
22. Kg2 Qc6 23. Kg3 Nxd5 24. Nxd5 Qc5 25. Be3 Qc6 26. Bf1 Qd7 27. Bh3 Qc6 {(=)}
28. Bf1 Qd7 29. a4 c6 30. Nc3 Be7 31. Qd2 Bf6 32. Rd1 Bb7 33. Bf4 Be5 34. Bxe5
Rxe5 35. f4 Re7 36. Bc4 Nf6 37. Be2 Nxe4+ 38. Nxe4 Rxe4 39. Bf3 Re7 40. Qf2 d5
41. c3 Qc7 42. Rd2 Re6 43. Rhd1 Rf6 44. Bg2 Rfd6 45. Re1 Ba6 46. Bf1 Bc8 47.
Rde2 Re6 48. Bg2 Rde8 49. Re3 Qd7 50. Bf3 Qd6 51. Bd1 Qc5 52. Kf3 Kf8 53. Qd2
Rxe3+ 54. Rxe3 Bxg4+ 55. Kxg4 Qxe3 56. Qxe3 Rxe3 57. c4 d4 58. f5 Ke7 59. Kf4
Rc3 60. Ke4 c5 61. Kf4 Kf6 62. Ke4 Kg5 63. Ke5 d3 64. Ke4 d2 65. Be2 Rc1 66.
Ke3 d1=Q 67. Bxd1 Rxd1 68. Ke2 Rb1 69. Kd2 Rxb3 70. Ke2 Kxf5 71. Kd2 Ke4 72.
Kc2 Rh3 73. Kd2 f5 74. Kc2 f4 75. Kd2 f3 76. Kc2 f2 77. Kd2 f1=Q 78. Kc2 Qe2+
79. Kc1 Rh1# 0-1

[Event "DVM U14w 2016"]
[Site "Düsseldorf GER"]
[Date "2016.12.27"]
[Round "1"]
[White "Sokolowski, Judith"]
[Black "Naumenko, Valerija"]
[Result "0-1"]
[Termination "normal"]
[Board "5.2"]
[WhiteElo "1527"]
[BlackElo "1317"]
[WhiteTeam "Düsseldorfer SK"]
[BlackTeam "SV Hemer"]
[PlyCount "108"]
[WhiteFideId "16200624"]
[BlackFideId "16222890"]
[EventCountry "GER"]
[EventRounds "7"]
[EventType "team-swiss"]
[EventDate "2016.12.26"]

1. e4 e5 2. Nf3 Nf6 3. Nxe5 d6 4. Nf3 Nxe4 5. Nc3 Nxc3 6. dxc3 Be7 7. Be3 Nd7
8. Qd2 c6 9. O-O-O O-O 10. Bd3 Nf6 11. Ng5 d5 12. h4 h6 13. Nf3 Bg4 14. Rde1
Ne4 15. Bxe4 dxe4 16. Qxd8 Rfxd8 17. Nd4 Bd7 18. Bf4 f5 19. Bg3 Bf6 20. Rd1 b6
21. Ne2 Be8 22. Rhe1 Rxd1+ 23. Rxd1 Bh5 24. Re1 g5 25. hxg5 hxg5 26. Nd4 Bxd4
27. cxd4 f4 28. Bh2 Re8 29. Kd2 Kf7 30. c4 Kf6 31. b4 Kf5 32. a4 Rd8 33. Kc3
Bf7 34. b5 c5 35. d5 Ke5 36. Re2 Bh5 37. Re1 g4 38. Kb3 Kf5 39. Kc3 Re8 40. Kd2
Ke5 41. Kc3 Rg8 42. Kb3 g3 43. fxg3 fxg3 44. Bg1 Rf8 45. Be3 Bg4 46. Kc3 Rf2
47. Rg1 Re2 48. Bh6 Bf5 49. Bg7+ Kd6 50. Rf1 Rf2 51. Bf8+ Kd7 52. Rg1 e3 53.
Bh6 e2 54. Kd2 Rf1 0-1

[Event "DVM U14w 2016"]
[Site "Düsseldorf GER"]
[Date "2016.12.27"]
[Round "1"]
[White "Manus, Julia"]
[Black "Kogan, Dina Rachel"]
[Result "1/2-1/2"]
[Termination "normal"]
[Board "5.3"]
[WhiteElo "969"]
[BlackElo "1256"]
[WhiteTeam "SV Hemer"]
[BlackTeam "Düsseldorfer SK"]
[PlyCount "83"]
[WhiteFideId "16234979"]
[BlackFideId "16200608"]
[EventCountry "GER"]
[EventRounds "7"]
[EventType "team-swiss"]
[EventDate "2016.12.26"]

1. e4 c5 2. Nf3 d6 3. d4 cxd4 4. Nxd4 Nf6 5. Nc3 g6 6. Be3 Bg7 7. Be2 O-O 8.
O-O Nc6 9. Qd2 Ng4 10. Bxg4 Bxg4 11. f3 Bd7 12. Rad1 Rc8 13. Nce2 Ne5 14. b3
Nc6 15. c4 Qa5 16. Qxa5 Nxa5 17. Nc3 a6 18. Nd5 Rfe8 19. f4 Bg4 20. Rd2 Nc6 21.
Nxc6 bxc6 22. Nb4 c5 23. Nc2 Bd7 24. h3 Red8 25. a3 Bc6 26. e5 Rd7 27. exd6
Rxd6 28. Rxd6 exd6 29. Rd1 Bf8 30. b4 Be4 31. Ne1 cxb4 32. axb4 Rb8 33. c5 dxc5
34. bxc5 Rb3 35. Kf2 Rc3 36. Ra1 Bxc5 37. Bxc5 Rxc5 38. Rxa6 h5 39. Ra3 Kg7 40.
Ke3 f5 41. g3 Rc1 42. Nf3 1/2-1/2

[Event "DVM U14w 2016"]
[Site "Düsseldorf GER"]
[Date "2016.12.27"]
[Round "1"]
[White "Paulweber, Lara Maria"]
[Black "Drees, Kim"]
[Result "1-0"]
[Termination "normal"]
[Board "5.4"]
[WhiteElo "1389"]
[BlackElo "1016"]
[WhiteTeam "Düsseldorfer SK"]
[BlackTeam "SV Hemer"]
[PlyCount "119"]
[WhiteFideId "12954411"]
[BlackFideId "16235339"]
[EventCountry "GER"]
[EventRounds "7"]
[EventType "team-swiss"]
[EventDate "2016.12.26"]

1. e4 e5 2. Nf3 Nf6 3. Nxe5 d6 4. Nf3 Nxe4 5. Qe2 Qe7 6. d3 Nf6 7. Qxe7+ Bxe7
8. g3 Nc6 9. Bg2 O-O 10. O-O Be6 11. Nc3 Rad8 12. Re1 h6 13. Nb5 Ne8 14. Nfd4
Nxd4 15. Nxd4 c6 16. Nxe6 fxe6 17. Rxe6 Bf6 18. Bf4 Bxb2 19. Rb1 Bf6 20. Rxb7
Rf7 21. Bxc6 Rxb7 22. Bxb7 Kf8 23. Bc6 Be7 24. Bxe8 Kxe8 25. Re4 Rd7 26. Ra4
Rb7 27. Be3 Bd8 28. Rxa7 Rxa7 29. Bxa7 g5 30. Be3 Kf7 31. f4 g4 32. Kg2 h5 33.
h3 gxh3+ 34. Kxh3 Kg6 35. g4 hxg4+ 36. Kxg4 d5 37. f5+ Kf7 38. Bg5 Bc7 39. f6
Be5 40. Kf3 Bxf6 41. Bxf6 Kxf6 42. a4 Ke6 43. Ke3 Kd6 44. a5 Kc7 45. a6 Kb8 46.
Kd4 Ka7 47. Kxd5 Kxa6 48. Kc6 Ka5 49. d4 Kb4 50. d5 Kc3 51. d6 Kxc2 52. d7 Kc3
53. d8=Q Kc4 54. Qd5+ Kc3 55. Kc5 Kc2 56. Qd4 Kc1 57. Qf2 Kd1 58. Kd4 Kc1 59.
Kc3 Kb1 60. Qb2# 1-0

[Event "DVM U14w 2016"]
[Site "Düsseldorf GER"]
[Date "2016.12.27"]
[Round "1"]
[White "Dietz, Kristin"]
[Black "Schneider, Xenia"]
[Result "1-0"]
[Termination "normal"]
[Board "6.1"]
[WhiteElo "1617"]
[BlackElo "1342"]
[WhiteTeam "USV Halle"]
[BlackTeam "SK Endingen"]
[PlyCount "99"]
[WhiteFideId "12993743"]
[BlackFideId "12911984"]
[EventCountry "GER"]
[EventRounds "7"]
[EventType "team-swiss"]
[EventDate "2016.12.26"]

1. e4 {[%emt 0:00:00]} c6 2. d4 d5 3. Nd2 dxe4 4. Nxe4 Nf6 5. Nxf6+ exf6 6. Nf3
Bf5 7. Bc4 Be7 8. O-O O-O 9. Re1 Qc7 10. Bf4 Bd6 11. Bxd6 Qxd6 12. Qe2 b5 13.
Bb3 a5 14. a4 b4 15. Qe7 Qd7 16. Re3 Qc8 17. Rae1 Nd7 18. Qd6 c5 19. Bd5 Ra6
20. Qe7 Bxc2 21. dxc5 Bxa4 22. b3 Bc6 23. Bc4 Ra7 24. Nd4 Qb7 25. Nxc6 Qxc6 26.
Rd1 Rc7 27. Rd6 Qb7 28. c6 Ne5 29. Qxe5 Rxc6 30. Qd5 Rc7 31. Qxa5 Ra8 32. Ra6
Rd8 33. Rd3 Re8 34. Rd1 h6 35. Bd5 Rd7 36. h3 Qb8 37. Ra1 Rde7 38. g3 Qe5 39.
Ra8 Kh7 40. Rxe8 Rxe8 41. Bxf7 Re7 42. Qxe5 fxe5 43. Bh5 g6 44. Bf3 h5 45. Re1
Kg7 46. Re4 Kf6 47. Rxb4 Kg5 48. Be4 Kf6 49. Rb6+ Kg5 50. Rxg6# 1-0

[Event "DVM U14w 2016"]
[Site "Düsseldorf GER"]
[Date "2016.12.27"]
[Round "1"]
[White "Wagner, Anna"]
[Black "Fritsch, Lea"]
[Result "0-1"]
[Termination "normal"]
[Board "6.2"]
[WhiteElo "1133"]
[BlackElo "1428"]
[WhiteTeam "SK Endingen"]
[BlackTeam "USV Halle"]
[PlyCount "104"]
[WhiteFideId "12983489"]
[BlackFideId "16212436"]
[EventCountry "GER"]
[EventRounds "7"]
[EventType "team-swiss"]
[EventDate "2016.12.26"]

1. e4 c5 2. Bc4 e6 3. Nf3 Nc6 4. Nc3 Nf6 5. d3 d5 6. exd5 exd5 7. Bb5 Bd7 8.
Bg5 a6 9. Bxc6 Bxc6 10. Qe2+ Qe7 11. Bxf6 Qxe2+ 12. Nxe2 gxf6 13. O-O Rg8 14.
Ng3 O-O-O 15. Rfe1 Bd6 16. Nf5 d4 17. N3h4 Rg4 18. h3 Rg5 19. Re2 Kb8 20. Rae1
Be5 21. Nh6 Rf8 22. Ng4 Rfg8 23. Nf3 Bxf3 24. gxf3 h5 25. Re4 hxg4 26. f4 Bxf4
27. Rxf4 gxh3+ 28. Kf1 Rh5 29. Ke2 Re8+ 30. Re4 Rg8 31. Kf3 h2 32. Rg4 Rxg4 33.
Kxg4 h1=Q 34. Rxh1 Rxh1 35. Kf5 Rf1 36. f4 Kc7 37. Ke4 Rf2 38. c3 dxc3 39. bxc3
Rxa2 40. Kf5 Ra3 41. d4 Rxc3 42. d5 Kd6 43. Kxf6 Rf3 44. f5 c4 45. Kg5 c3 46.
Kg4 Rd3 47. f6 c2 48. Kf4 c1=Q+ 49. Ke4 Qe3+ 50. Kf5 Rxd5+ 51. Kg4 Rg5+ 52. Kh4
Qg3# 0-1

[Event "DVM U14w 2016"]
[Site "Düsseldorf GER"]
[Date "2016.12.27"]
[Round "1"]
[White "Stowicek, Yara Mathilda"]
[Black "Henninger, Claire"]
[Result "1-0"]
[Termination "normal"]
[Board "6.3"]
[WhiteElo "1446"]
[BlackElo "1033"]
[WhiteTeam "USV Halle"]
[BlackTeam "SK Endingen"]
[PlyCount "153"]
[WhiteFideId "16203569"]
[BlackFideId "16200659"]
[EventCountry "GER"]
[EventRounds "7"]
[EventType "team-swiss"]
[EventDate "2016.12.26"]

1. e4 c6 2. d4 d5 3. Nd2 dxe4 4. Nxe4 Bf5 5. Ng3 Bg6 6. N1e2 Nf6 7. Nf4 Be4 8.
f3 Bd5 9. c4 Be6 10. Nxe6 fxe6 11. Be3 Nbd7 12. Bd3 e5 13. Qc2 e6 14. O-O exd4
15. Bxd4 Bc5 16. Bxc5 Nxc5 17. Rad1 Nxd3 18. Rxd3 Qe7 19. Re1 O-O 20. Rde3 Qc5
21. Kh1 b5 22. b3 bxc4 23. Qxc4 Qxc4 24. bxc4 Rab8 25. Rxe6 Rfe8 26. Rxe8+ Nxe8
27. h3 Nf6 28. Re7 Rb1+ 29. Kh2 Rb4 30. Nf5 g6 31. Nh6+ Kh8 32. Rxa7 Rxc4 33.
a4 Rc1 34. a5 c5 35. a6 Nd5 36. Rb7 Ra1 37. a7 Nb6 38. Rxb6 Rxa7 39. Rc6 Ra5
40. Ng4 Kg7 41. Nf6 c4 42. Ne4 Ra4 43. Nd6 Ra1 44. Rxc4 Kh6 45. Ne8 Kg5 46.
Rg4+ Kf5 47. Re4 h5 48. Nd6+ Kg5 49. h4+ Kf6 50. Rb4 Ra2 51. Rb6 Rc2 52. Nc4+
Kg7 53. Ne5 Ra2 54. Rxg6+ Kh7 55. Rg5 Kh6 56. Nf7+ Kh7 57. f4 Ra4 58. g3 Rxf4
59. Rxh5+ Kg6 60. Rg5+ Kh7 61. Rh5+ Kg6 62. Rh6+ Kxf7 63. gxf4 Kg7 64. Ra6 Kf7
65. h5 Kg7 66. f5 Kf8 67. h6 Kg8 68. Ra7 Kh8 69. f6 Kg8 70. h7+ Kh8 71. f7 Kg7
72. h8=Q+ Kg6 73. Ra5 Kxf7 74. Qh6 Kg8 75. Ra8+ Kf7 76. Ra7+ Kg8 77. Qg7# 1-0

[Event "DVM U14w 2016"]
[Site "Düsseldorf GER"]
[Date "2016.12.27"]
[Round "1"]
[White "Reinbold, Sorah Marie"]
[Black "Voigt, Anastasia"]
[Result "1-0"]
[Termination "normal"]
[Board "6.4"]
[WhiteElo "1001"]
[BlackElo "955"]
[WhiteTeam "SK Endingen"]
[BlackTeam "USV Halle"]
[PlyCount "35"]
[WhiteFideId "12983497"]
[BlackFideId "16235223"]
[EventCountry "GER"]
[EventRounds "7"]
[EventType "team-swiss"]
[EventDate "2016.12.26"]

1. e4 {[%emt 0:00:00]} e5 2. Nf3 Nc6 3. Bc4 Bc5 4. c3 Nf6 5. d4 exd4 6. cxd4
Bb4+ 7. Nc3 Nxe4 8. O-O Nxc3 9. bxc3 Bxc3 10. Ba3 Bxa1 11. Re1+ Ne7 12. Rxe7+
Qxe7 13. Bxe7 Bc3 14. Ba3 d6 15. Qe2+ Kf8 16. Ng5 f6 17. Ne6+ Bxe6 18. Qxe6 1-0

[Event "DVM U14w 2016"]
[Site "Düsseldorf GER"]
[Date "2016.12.27"]
[Round "1"]
[White "Kirschner, Elena"]
[Black "Geletzke, Hannah"]
[Result "1/2-1/2"]
[Termination "normal"]
[Board "7.1"]
[WhiteElo "1269"]
[BlackElo "1558"]
[WhiteTeam "SV SF Friedrichshagen"]
[BlackTeam "SV Empor Erfurt"]
[PlyCount "83"]
[WhiteFideId "16205804"]
[BlackFideId "12983330"]
[EventCountry "GER"]
[EventRounds "7"]
[EventType "team-swiss"]
[EventDate "2016.12.26"]

1. e4 c5 2. Nc3 Nc6 3. g3 g6 4. Bg2 Bg7 5. Nge2 e6 6. d3 Nge7 7. O-O O-O 8. Rb1
d5 9. a3 Re8 10. f4 Rb8 11. Qe1 b6 12. b3 Bb7 13. Bb2 Ba6 14. Rf2 Nd4 15. Qd2
Qd7 16. h3 Rec8 17. Kh2 dxe4 18. Nxe4 Bb7 19. Nxd4 Bxd4 20. Re2 Nf5 21. Bxd4
Qxd4 22. c3 Qd8 23. Rd1 Nd6 24. Rde1 Rc7 25. Re3 Rd7 26. Rd1 Nxe4 27. Bxe4 Bxe4
28. Rxe4 Rc8 29. Re3 Rc6 30. Qe2 Rcd6 31. Qc2 Qc8 32. a4 Qc7 33. Qg2 Qd8 34.
Qc2 Qc7 35. Qg2 Rd5 36. Qf3 Qd8 37. g4 Qf6 38. Rc1 Qd8 39. Rd1 Qf6 40. Rc1 Qd8
41. Qg3 Qc7 42. Qf3 1/2-1/2